Statistics for Mortal Kombat vs. DC Universe Characters

Click here to take the quiz!

General Stats

  • This quiz has been taken 132 times
  • The average score is 17 of 22

Answer Stats

Answer% Correct
Batman
96%
Sub-Zero
93%
Wonder Woman
93%
Scorpion
92%
Superman
92%
The Joker
87%
Raiden
85%
Liu Kang
83%
Green Lantern
81%
The Flash
81%
Sonya Blade
78%
Jax
77%
Kitana
75%
Kano
74%
Catwoman
67%
Shao Kahn
67%
Shang Tsung
66%
Captain Marvel
64%
Lex Luthor
63%
Baraka
62%
Deathstroke
61%
Darkseid
58%

Score Distribution

Percentile by Number Answered

Percent of People with Each Score

Your Score History

You have not taken this quiz